000 00483nam a2200181Ia 4500
005 20250326123823.0
008 250326s9999 xx 000 0 und d
037 _aTextbook
040 _aFMSL
_beng
_cFMSL
041 _aeng
_2eng
084 _aS:7 K9
_qFMSL
100 _aPikunas J
_9736182
245 0 _aHuman development: science of growth
_cPikunas J
260 _aNY
_bNY, McGraw-Hill
_c1969
300 _a434p
942 _cTB
_hS:7 K9
999 _c1271083
_d1271083